000 00640nam a2200193 i 4500
001 84386
003 ES-MaACL
005 20230906175016.0
007 t|
008 041122s1968 sp |||| | spa d
100 1 _aJimeno, Domingo.
_966637
245 1 0 _aEstampas de mi álbum
_b: Aranda de Duero y su comarca /
_cDomingo Ximeno ; prólogo, Pedro Carazo Carnicero.
260 _a[S.l. :
_bs.n.,
_c1968]
300 _a164 p., 11 lám. ;
_c24 cm.
651 4 _aAranda de Duero-
_xDescripción.
_9168800
651 4 _aAranda de Duero-
_xUsos y costumbres.
_9168801
700 1 _aCarazo Carnicero, Pedro.
_934983
852 _aES-MaACL
_jC-46103
999 _c84386
_d84386